| 000 | 01284mam a2200253 a 4500 | ||
|---|---|---|---|
| 020 | _a0872628728 | ||
| 082 | 0 | 0 |
_a624.162 _bSTA _cL-39, p-198. : |
| 245 | 0 | 0 |
_aStability and performance of slopes and embankments II : _bproceedings of a specialty conference / _csponsored by the Geotechnical Engineering Division of the American Society of Civil Engineers ; co-sponsored by the San Francisco Section of ASCE, and the University of California, Berkeley ; in cooperation with the Association of Engineering Geologists ... [et al.] ; edited by Raymond B. Seed, Ross W. Boulanger. |
| 260 |
_aNew York, N.Y. : _bAmerican Society of Civil Engineers, _cc1992. |
||
| 300 |
_a2 v. (xiv, 1553 p.) : _bill. ; _c22 cm. |
||
| 490 | 1 | _aGeotechnical special publication ; | |
| 500 | _a"Berkeley, California, June 29-July 1, 1992." | ||
| 526 |
_a0 _b0 _c0 _d624_162000000000000_STA |
||
| 650 | 0 | _aEmbankments | |
| 650 | 0 |
_aMCE _9379 |
|
| 650 | 0 |
_aSlopes (Soil mechanics) _937705 |
|
| 650 | 0 |
_aSoil stabilization _913080 |
|
| 700 | 1 |
_aBoulanger, Ross W. _942665 |
|
| 700 | 1 |
_aSeed, Raymond Bolton. _942666 |
|
| 710 | 2 |
_aAmerican Society of Civil Engineers. _9702 |
|
| 710 | 2 |
_aAmerican Society of Civil Engineers. _9702 |
|
| 710 | 2 |
_aAssociation of Engineering Geologists. _92130 |
|
| 942 |
_2ddc _cBK |
||
| 999 |
_c546514 _d546514 |
||